China : (Record no. 35515)
[ view plain ]
| 000 -LEADER | |
|---|---|
| fixed length control field | 00714nam a2200181 4500 |
| 008 - FIXED-LENGTH DATA ELEMENTS--GENERAL INFORMATION | |
| fixed length control field | 110325s2009 enkab b 001 0 eng |
| 020 ## - INTERNATIONAL STANDARD BOOK NUMBER | |
| International Standard Book Number | 9780007221783 :USD12.46 |
| 020 ## - INTERNATIONAL STANDARD BOOK NUMBER | |
| International Standard Book Number | 9780465015801 |
| 090 ## - LOCALLY ASSIGNED LC-TYPE CALL NUMBER (OCLC); LOCAL CALL NUMBER (OCLC) | |
| Classification number (OCLC) (R) ; Classification number, CALL (RLIN) (NR) | DS735 |
| Local cutter number (OCLC) ; Book number/undivided call number, CALL (RLIN) | K22 |
| -- | 2009 |
| 100 1# - MAIN ENTRY--PERSONAL NAME | |
| Personal name | Keay, John. |
| 245 10 - TITLE STATEMENT | |
| Title | China : |
| Remainder of title | a history / |
| Statement of responsibility, etc | John Keay. |
| 260 ## - PUBLICATION, DISTRIBUTION, ETC. (IMPRINT) | |
| Place of publication, distribution, etc | London : |
| Name of publisher, distributor, etc | HarperCollins, |
| Date of publication, distribution, etc | 2009. |
| 300 ## - PHYSICAL DESCRIPTION | |
| Extent | xix, 578 p. : |
| Other physical details | ill. (some col.), maps ; |
| Dimensions | 25 cm. |
| 500 ## - GENERAL NOTE | |
| General note | "Originally published in Britain in 2008 by HarperPress, an imprint of HarperCollins"--T.p. verso. |
| 504 ## - BIBLIOGRAPHY, ETC. NOTE | |
| Bibliography, etc | Includes bibliographical references (p. 549-560) and index. |
| 651 #4 - SUBJECT ADDED ENTRY--GEOGRAPHIC NAME | |
| Geographic name | China |
| General subdivision | History. |
| 951 ## - EQUIVALENCE OR CROSS-REFERENCE-GEOGRAPHIC NAME/AREA NAME [OBSOLETE] [CAN/MARC only] | |
| General subdivision | 00040875 |
| 951 ## - EQUIVALENCE OR CROSS-REFERENCE-GEOGRAPHIC NAME/AREA NAME [OBSOLETE] [CAN/MARC only] | |
| -- | 34292 |
| -- | SP-CDS735/K22/2009 |
| -- | 110325143221609 |
| -- | 2000-12-21 |
| -- | VT- VHS |
| Withdrawn status | Lost status | Damaged status | Not for loan | Home library | Current library | Shelving location | Date acquired | Accession number | Shelving control number | Total Checkouts | Full call number | Barcode | Date last seen | Price effective from | Koha item type |
|---|---|---|---|---|---|---|---|---|---|---|---|---|---|---|---|
| BSOP Library | BSOP Library | 12/21/2000 | 34292 | 127 | SP-CDS735/K22/2009 | 00040875 | 02/23/2013 | 02/23/2013 | Books |
